Memoria presentada por el Consejo de Administración en la Junta General ordinaria de accionistas... 30 de mayo de 1857 / (Registro nro. 144513)
[ vista simple ]
| 000 -LEADER | |
|---|---|
| campo de control de longitud fija | 00707nam a2200169 i 4500 |
| 001 - NÚMERO DE CONTROL | |
| campo de control | 144513 |
| 003 - IDENTIFICADOR DE NÚMERO DE CONTROL | |
| campo de control | ES-MaACL |
| 005 - FECHA Y HORA DE LA ÚLTIMA TRANSACCIÓN | |
| campo de control | 20230906201032.0 |
| 007 - CAMPO FIJO DE DESCRIPCIÓN FÍSICA--INFORMACIÓN GENERAL | |
| campo de control de longitud fija | t| |
| 008 - DATOS DE LONGITUD FIJA--INFORMACIÓN GENERAL | |
| campo de control de longitud fija | 200727s1857 sp r ||||1| spa d |
| 080 ## - NÚMERO DE LA CLASIFICACIÓN DECIMAL UNIVERSAL | |
| Número de la Clasificación Decimal Universal | 334.71(460.27 M.)(060.55) |
| 110 2# - ENTRADA PRINCIPAL--NOMBRE DE ENTIDAD CORPORATIVA | |
| Nombre de entidad corporativa o nombre de jurisdicción como elemento de entrada | Sociedad General de Crédito Mobiliario Español. |
| 9 (RLIN) | 164321 |
| 245 10 - MENCIÓN DEL TÍTULO | |
| Título | Memoria presentada por el Consejo de Administración en la Junta General ordinaria de accionistas... 30 de mayo de 1857 / |
| Mención de responsabilidad, etc. | Sociedad General de Crédito Mobiliario Español. |
| 260 ## - PUBLICACIÓN, DISTRIBUCIÓN, ETC. | |
| Lugar de publicación, distribución, etc. | Madrid : |
| Nombre del editor, distribuidor, etc. | [Sociedad General de Crédito Mobiliario Español], |
| Fecha de publicación, distribución, etc. | 1857. |
| 610 24 - PUNTO DE ACCESO ADICIONAL DE MATERIA--NOMBRE DE ENTIDAD CORPORATIVA | |
| Nombre de entidad corporativa o nombre de jurisdicción como elemento de entrada | Sociedad General de Crédito Mobiliario Español- |
| Subdivisión de forma | Memorias. |
| 9 (RLIN) | 170199 |
| 852 4# - LOCALIZACIÓN | |
| Ubicación | ES-MaACL |
| Número de control de estantería | T-53-F-7 |
| Estatus retirado | Estado de pérdida | Estado de daño | No para préstamo | Colección | Biblioteca de origen | Biblioteca actual | Ubicación en estantería | Fecha de adquisición | Fuente de adquisición | Total de préstamos | Signatura topográfica completa | Código de barras | Visto por última vez | Precio de reemplazo | Tipo de ítem Koha |
|---|---|---|---|---|---|---|---|---|---|---|---|---|---|---|---|
| Colección de folletos | Biblioteca del Ateneo de Madrid | Biblioteca del Ateneo de Madrid | Depósito folletos | 31/03/2005 | T-53-F-7 | 1201769 | 23/02/2023 | 23/02/2023 | Folleto |
